Dünyanın yeni aklı (Record no. 10216)

MARC details
000 -BAŞLIK
Sabit Uzunlukta Kontrol Alanı 01068na a2200349 4500
001 - KONTROL NUMARASI
Denetim Alanı 14599
003 - KONTROL NUMARASI IDENTIFIER
Denetim Alanı MIRAKIL
005 - SON İŞLEM TARİHİ VE ZAMANI
Denetim Alanı 20181213155311.0
008 - SABİT-BOY VERİ ELEMANLARI - GENEL BİLGİLER
Sabit Uzunlukta Kontrol Alanı 161028b tu 000 0
020 ## - ULUSLARARASI STANDART KİTAP NUMARASI
Uluslararası Standart Kitap Numarası 9786053992448
035 ## - SİSTEM KONTROL NUMARASI
Sistem Kontrol Numarası 14599
040 ## - KATALOGLAMA KAYNAK
Orijinal Kataloglama Ajansı Milas
Kataloglama Dili tur
Metne Dönüştürmek Ajansı TR-AnCHP
041 ## - DİL KODU
Metin / Ses Parça Veya Ayrı Başlığın Dil Kodu tur
082 ## - DEWEY ONLU SINIFLANDIRMA NUMARASI
Sınıflandırma Numarası 320.51
Ürün Numarası D26d 2012
090 ## - SINIFLAMA NUMARASI
Sınıflama Numarası 320.51 D26d 2012
100 ## - ANA GİRİŞ - KİŞİSEL İSİM
Kişisel Ad Dardot, Pierre
245 ## - BAŞLIK TABLOSU
Başlık Dünyanın yeni aklı
Başlığın Kalan Neoliberal toplum üzerine deneme
Sorumluluk Tablosu, Vb Pierre Dardot, Christian Laval ; çeviren Işık Ergüden
246 ## - UNVAN FORM VARYING
Başlık Doğru / Kısa Başlığı Neoliberal toplum üzerine deneme
260 ## - YAYIN, DAĞITIM, VB
Yayın, Dağıtım, Vb Yeri İstanbul
Yayıncı, Dağıtıcı, Vs Adı İstanbul Bilgi Üniversitesi Yayınları
Yayın, Dağıtım, Vb Tarihi 2012
300 ## - FİZİKSEL TANIM
Kapsam xiii, 462 s.
Boyutlar 23 sm.
440 ## - SERİSİ TABLOSU / KATMA GİRİŞİ - BAŞLIK
Başlık İstanbul Bilgi Üniversitesi yayınları
Hacim / Ardışık Tanımı 387
490 ## - SERİSİ TABLOSU
Seri Beyanı Kavramlar ve Pratikler
Hacim / Ardışık Tanımı 1
500 ## - GENEL NOT
Genel Not Dizin var.
650 ## - KONU KATMA GİRİŞ - TOPİKAL DÖNEM
Topikal Süreli Veya Coğrafi Ad Giriş Elemanı Girişimcilik
650 ## - KONU KATMA GİRİŞ - TOPİKAL DÖNEM
Topikal Süreli Veya Coğrafi Ad Giriş Elemanı Kapitalizm
650 ## - KONU KATMA GİRİŞ - TOPİKAL DÖNEM
Topikal Süreli Veya Coğrafi Ad Giriş Elemanı Siyaset felsefesi
Genel Alt Bölümü Ekonomik liberalizm
650 ## - KONU KATMA GİRİŞ - TOPİKAL DÖNEM
Topikal Süreli Veya Coğrafi Ad Giriş Elemanı Neoliberalizm
650 ## - KONU KATMA GİRİŞ - TOPİKAL DÖNEM
Topikal Süreli Veya Coğrafi Ad Giriş Elemanı Liberalizm
700 ## - KATMA GİRİŞ - KİŞİSEL İSİM
Kişisel Ad Ergüden, Işık
700 ## - KATMA GİRİŞ - KİŞİSEL İSİM
Kişisel Ad Laval, Christian
942 ## - EKLENDİ GİRİŞ ELEMANLARI (KOHA)
Sınıflandırma Veya Raf Düzeni Kaynak Dewey Decimal Classification
Koha Öğesi Türü Books
999 ## - SİSTEM KONTROL NUMARALARI (KOHA)
Koha Biblionumber 10216
Koha Biblioitemnumber 10216
Holdings
Kalıcı Konum Mevcut Konum Edinme Tarihi Edinim Kaynak Toplam Check-Out'Lar Tam Çağrı Numarası Barkod Tarih Son Görülme İtibaren Geçerli Fiyatlar Koha Öğesi Türü
CHP Kütüphanesi CHP Kütüphanesi 08/29/2016 Bağış   320.51 D26d 2012 002812 08/29/2016 08/29/2016 Books